000 00478nam a2200181Ia 4500
001 9355
005 20260306161712.0
008 260306t2017||||xx |||||||||||||| ||spa||
041 _aESP
082 _a378.125
_bC62
100 _aCifuentes Gil, Rosa María
_eAUT
245 0 _aExperiencias docentes en la universidad:
_bfudamentación y sistematización
260 _c2017
300 _a264 páginas :
_c23 cm.
650 _aGEN
654 _aCED
942 _cLIB
_dJUS
_fJUS
_2ddc
_n
999 _c9355
_d9355